সাধারণ জ্ঞান, প্রাত্যহিক বিজ্ঞান ও সাম্প্রতিক ঘটনাপ্রবাহ / (Record no. 9943)
[ view plain ]
| 000 -LEADER | |
|---|---|
| fixed length control field | 00922nam a2200241 a 4500 |
| 001 - CONTROL NUMBER | |
| JCCL Control Number | 9943 |
| 003 - CONTROL NUMBER IDENTIFIER | |
| JCCL marc code | BD-JhCC |
| 005 - DATE AND TIME OF LATEST TRANSACTION | |
| control field | 20180403185119.0 |
| 008 - FIXED-LENGTH DATA ELEMENTS--GENERAL INFORMATION | |
| fixed length control field | 180403s1974 bg a|||| b||| 000 0 ben d |
| 035 ## - SYSTEM CONTROL NUMBER | |
| system control number | (BD-JhCC)9943 |
| 040 ## - CATALOGING SOURCE | |
| Original cataloging agency | BD-JhCC |
| Modifying agency | BD-JhCC |
| 041 ## - LANGUAGE CODE | |
| Language code of Book | ben |
| 082 ## - DEWEY DECIMAL CLASSIFICATION NUMBER | |
| Classification number | 001 |
| Author mark and Year | CHW 1974 |
| 100 ## - MAIN ENTRY--PERSONAL NAME | |
| Personal name | চৌধুরী, ফজলুর রহমান |
| 245 ## - TITLE STATEMENT | |
| Title | সাধারণ জ্ঞান, প্রাত্যহিক বিজ্ঞান ও সাম্প্রতিক ঘটনাপ্রবাহ / |
| Statement of responsibility, etc | ফজলুর রহমান চৌধুরী ও সায়্যিদ চৌধুরী, |
| 250 ## - EDITION STATEMENT | |
| Edition statement | 1st Edi. |
| 260 ## - PUBLICATION, DISTRIBUTION, ETC. (IMPRINT) | |
| Place of publication, distribution, etc | ঢাকা : |
| Name of publisher, distributor, etc | মল্লিক ব্রাদার্স, |
| Date of publication, distribution, etc | 1974. |
| 300 ## - PHYSICAL DESCRIPTION | |
| Pagination | 1072 p. : |
| Other physical details | ill. ; |
| Dimensions | 24 cm. |
| 650 ## - SUBJECT ADDED ENTRY--TOPICAL TERM | |
| Topical term or geographic name as entry element | General Knowledge |
| 700 ## - ADDED ENTRY--PERSONAL NAME | |
| Personal name | চৌধুরী, সায়্যিদ |
| 942 ## - ADDED ENTRY ELEMENTS (KOHA) | |
| Source of classification or shelving scheme | Dewey Decimal Classification |
| Koha item type | Books |
| Source of classification or shelving scheme | Damaged status | Not for loan | Home library | Current library | Shelving location | Date of accession | Cost, normal purchase price | Total Checkouts | Full call number | Barcode | Date last seen | Copy number | Koha item type |
|---|---|---|---|---|---|---|---|---|---|---|---|---|---|
| Dewey Decimal Classification | JCC Rouf Library | JCC Rouf Library | General Stacks | 03/04/2018 | 30.00 | 001 CHW 1974 | 12867 | 04/03/2018 | C-1 | Books |